Notice provisions (Record no. 79988)
[ view plain ]
| 000 -LEADER | |
|---|---|
| fixed length control field | 01049cab a22002055a 4500 |
| 001 - CONTROL NUMBER | |
| control field | L142952 |
| 008 - FIXED-LENGTH DATA ELEMENTS--GENERAL INFORMATION | |
| fixed length control field | 080325e20080130xxk f 000 0 eng d |
| 035 ## - SYSTEM CONTROL NUMBER | |
| System control number | (Sirsi) u142952 |
| 041 0# - LANGUAGE CODE | |
| Language code of text/sound track or separate title | eng |
| 100 1# - MAIN ENTRY--PERSONAL NAME | |
| Personal name | Palles-Clark, Rob |
| 245 00 - TITLE STATEMENT | |
| Title | Notice provisions |
| 260 ## - PUBLICATION, DISTRIBUTION, ETC. | |
| Date of publication, distribution, etc. | 2008 |
| 490 #0 - SERIES STATEMENT | |
| Series statement | Contract Journal |
| Volume/sequential designation | 441(6660) 30 January 2008, 22(1) |
| 520 ## - SUMMARY, ETC. | |
| Summary, etc. | Considers whether notices are a condition precedent to entitlement to extensions of time. Explores the issues surrounding extension of time provisions in construction contracts and discusses the recent case "Steria Ltd v Sigma Ltd" ([2008] CILL 2544). In "Steria" the judge found that the ordinary language of the clause in the subcontract made the right to an extension of time conditional upon notification and in this case the clause operates as a condition precedent. |
| 590 ## - LOCAL NOTE (RLIN) | |
| Local note | KA |
| 650 24 - SUBJECT ADDED ENTRY--TOPICAL TERM | |
| Topical term or geographic name entry element | STERIA LTD V SIGMA WIRELESS COMMUNICATIONS LTD |
| 651 #4 - SUBJECT ADDED ENTRY--GEOGRAPHIC NAME | |
| Geographic name | United Kingdom |
| Chronological subdivision | |
| 690 ## - LOCAL SUBJECT ADDED ENTRY--TOPICAL TERM (OCLC, RLIN) | |
| Topical term or geographic name as entry element | BUILT ENVIRONMENT-CONSTRUCTION MANAGEMENT-BUILDING CONTRACT ADMINISTRATION |
| 942 ## - ADDED ENTRY ELEMENTS (KOHA) | |
| Suppress in OPAC | 0 |
| Withdrawn status | Lost status | Source of classification or shelving scheme | Damaged status | Not for loan | Home library | Current library | Shelving location | Date acquired | Total Checkouts | Full call number | Barcode | Date last seen | Copy number | Price effective from | Koha item type |
|---|---|---|---|---|---|---|---|---|---|---|---|---|---|---|---|
| Dewey Decimal Classification | London | London | Journal article | 25/03/2008 | L142952 | 142952-1001 | 06/08/2019 | 1 | 06/08/2019 | Journal article |